[Event "London Classic op U1750 11th"]
[Site "London"]
[Date "2019.12.02"]
[Round "1"]
[White "Finnegan, Oliver"]
[Black "McGill, Brendan"]
[Result "1/2-1/2"]
[WhiteElo "1695"]
[BlackElo "1441"]
[PlyCount "125"]
[EventDate "2019.12.02"]
[EventType "swiss"]
[EventRounds "5"]
[EventCountry "ENG"]
[SourceTitle "CBM 195 Extra"]
[Source "ChessBase"]
[SourceDate "2020.05.31"]
[SourceVersion "1"]
[SourceVersionDate "2020.05.31"]
[SourceQuality "1"]

1. d4 d5 2. Nc3 c6 3. Bf4 Nf6 4. e3 e6 5. Bd3 Qb6 6. Na4 Qa5+ 7. c3 Nbd7 8. b4 Qd8 9. Nf3 Be7 10. Ne5 a6 11. Qf3 0-0 12. g4 Nxe5 13. dxe5 Ne8 14. Qh3 g6 15. Qf3 f6 16. Qg3 g5 17. exf6 gxf4 18. fxe7 Qxe7 19. exf4 Nd6 20. Nb6 Rb8 21. 0-0-0 Qf6 22. Kb1 Qxf4 23. Qh4 Ne4 24. f3 Ng5 25. Rhe1 e5 26. Nxc8 Rbxc8 27. Bf5 Rxf5 28. Qh5 Rf7 29. Rf1 Ne6 30. Qh3 e4 31. g5 Qf5 32. Qxf5 Rxf5 33. fxe4 Rxf1 34. Rxf1 Rf8 35. Re1 dxe4 36. Rxe4 Nxg5 37. Rg4 Rf1+ 38. Kc2 Rf2+ 39. Kb3 Rxh2 40. Rxg5+ Kf7 41. a4 h5 42. a5 Kf6 43. Rg8 Re2 44. Rh8 Kg6 45. Rg8+ Kh7 46. Rg5 Kh6 47. Rg8 Re7 48. Kc4 h4 49. Kc5 Rg7 50. Rd8 h3 51. Rd3 Rg5+ 52. Kb6 Rh5 53. Kxb7 h2 54. Rd1 h1Q 55. Rxh1 Rxh1 56. Kxa6 Rc1 57. Kb6 Rxc3 58. a6 Kg6 59. a7 Ra3 60. Kb7 Kf6 61. a8Q Rxa8 62. Kxa8 Ke6 63. Kb7 1/2-1/2

[Event "London Classic U1600 op 10th"]
[Site "London"]
[Date "2018.12.16"]
[Round "5"]
[White "Arora, Tashika"]
[Black "McGill, Brendan"]
[Result "1/2-1/2"]
[WhiteElo "1374"]
[BlackElo "1120"]
[PlyCount "66"]
[EventDate "2018.12.14"]
[EventType "swiss"]
[EventRounds "5"]
[EventCountry "ENG"]
[SourceTitle "CBM 187 Extra"]
[Source "ChessBase"]
[SourceDate "2018.11.04"]
[SourceVersion "1"]
[SourceVersionDate "2018.11.04"]
[SourceQuality "1"]

1. d4 d5 2. Nf3 Nf6 3. Bf4 e6 4. e3 Bd6 5. Bg3 Bxg3 6. hxg3 Nc6 7. Bd3 Qe7 8. 0-0 Bd7 9. a3 e5 10. dxe5 Nxe5 11. Nxe5 Qxe5 12. Nc3 Ng4 13. Be2 Nxe3 14. fxe3 Qxe3+ 15. Rf2 c6 16. Qd3 Qg5 17. Re1 0-0-0 18. Qd4 Qxg3 19. Qxa7 Bh3 20. Qa8+ Kc7 21. Qa5+ Kb8 22. Qb6 Bxg2 23. Ba6 Bh3+ 24. Kh1 Rd7 25. Rg1 Qc7 26. Qxc7+ Kxc7 27. Bd3 g6 28. Kh2 Be6 29. Na4 b6 30. Kg3 h5 31. Kh4 Bg4 32. Rgf1 f5 33. Re1 Rhh7 1/2-1/2

[Event "London Classic U1600 op 10th"]
[Site "London"]
[Date "2018.12.16"]
[Round "4"]
[White "McGill, Brendan"]
[Black "Muhunthan, Charukgan"]
[Result "0-1"]
[WhiteElo "1120"]
[BlackElo "1349"]
[PlyCount "62"]
[EventDate "2018.12.14"]
[EventType "swiss"]
[EventRounds "5"]
[EventCountry "ENG"]
[SourceTitle "CBM 187 Extra"]
[Source "ChessBase"]
[SourceDate "2018.11.04"]
[SourceVersion "1"]
[SourceVersionDate "2018.11.04"]
[SourceQuality "1"]

1. d4 Nf6 2. c4 e6 3. Nc3 Bb4 4. Qb3 Bxc3+ 5. Qxc3 d5 6. Bg5 h6 7. Bh4 g5 8. Bg3 Ne4 9. Qd3 Nxg3 10. Qxg3 Nc6 11. cxd5 Qxd5 12. Qc3 Qxd4 13. Qxd4 Nxd4 14. 0-0-0 Nc6 15. g3 Bd7 16. Bg2 0-0-0 17. e3 e5 18. Ne2 f5 19. Bxc6 Bxc6 20. Rxd8+ Rxd8 21. Rd1 Rxd1+ 22. Kxd1 Bf3 23. Kd2 Bxe2 24. Kxe2 Kd7 25. e4 f4 26. Kf3 h5 27. h4 g4+ 28. Kg2 f3+ 29. Kf1 Kc6 30. Ke1 Kc5 31. Kd2 Kd4 0-1